书目信息 |
| 题名: |
JSP基础与案例开发详解
|
|
| 作者: | 孙连伟 , 邱加永 编著 | |
| 分册: | ||
| 出版信息: | 北京 清华大学出版社 2014 |
|
| 页数: | 11,554页 | |
| 开本: | 26cm | |
| 丛书名: | ||
| 单 册: | ||
| 中图分类: | TP312JA , TP393.092 , TP312 | |
| 科图分类: | ||
| 主题词: | JAVA语言--网页制作工具 , JAVA语言 , 网页制作工具 | |
| 电子资源: | ||
| ISBN: | 978-7-302-34002-7 | |
| 000 | 01015nam0 2200313 450 | |
| 001 | 140207 | |
| 005 | 20141019102432.96 | |
| 010 | @a978-7-302-34002-7@b光盘@dRMB 69.00 | |
| 100 | @a20140126d2014 em y0chiy50 ea | |
| 101 | 0 | @achi |
| 102 | @aCN@b110000 | |
| 105 | @ay z 000yy | |
| 200 | 1 | @aJSP基础与案例开发详解@AJSP ji chu yu an li kai fa xiang jie@b专著@f邱加永,孙连伟编著 |
| 210 | @a北京@c清华大学出版社@d2014 | |
| 215 | @a11,554页@d26cm@e1光盘 | |
| 300 | @a软件开发新课堂/徐明华主编 | |
| 307 | @a附光盘:ISBN 978-7-89414-712-7 | |
| 330 | @a本书介绍了JSP语言的基础知识及应用方向,内容包括网页布局与修饰、JDBC的应用、Servlet的应用、JSP的应用、EL表达式、自定义JSP标签等。 | |
| 606 | 0 | @aJAVA语言@x网页制作工具 |
| 606 | 0 | @aJAVA语言 |
| 606 | 0 | @a网页制作工具 |
| 610 | 0 | @aJSP |
| 690 | @aTP312JA@v5 | |
| 690 | @aTP393.092@v5 | |
| 690 | @aTP312@v4 | |
| 701 | 0 | @a孙连伟@Asun lian wei@4编著 |
| 701 | 0 | @a邱加永@Aqiu jia yong@4编著 |
| 801 | 0 | @c20140927 |
| 905 | @a241430@dTP312@eQ7201 | |
| JSP基础与案例开发详解/邱加永,孙连伟编著.-北京:清华大学出版社,2014 |
| 11,554页;26cm+1光盘 |
| 软件开发新课堂/徐明华主编 |
| ISBN 978-7-302-34002-7(光盘):RMB 69.00 |
| 本书介绍了JSP语言的基础知识及应用方向,内容包括网页布局与修饰、JDBC的应用、Servlet的应用、JSP的应用、EL表达式、自定义JSP标签等。 |
| ● |
| 相关链接 |
|
|
|
正题名:JSP基础与案例开发详解
索取号:TP312/Q7201
 
预约/预借
| 序号 | 登录号 | 条形码 | 馆藏地/架位号 | 状态 | 备注 |
| 1 | 0833905 | 208339056 | 自科二线400A/400A自科库 6排1列5层/ [索取号:TP312/Q7201] | 在馆 | |
| 2 | 0833906 | 208339065 | 自科库301/301自科库 52排6列3层/ [索取号:TP312/Q7201] | 在馆 | |
| 3 | 0833907 | 208339074 | 自科库301/301自科库 52排6列3层/ [索取号:TP312/Q7201] | 在馆 |